00386nam a22001457a 4500020001800000041001200018082001600030100001800046100002100064245003000085260004000115300001000155365001400165650006100179 a9789386546142 aEnglish a576bBAL/AG aBalachandra D aThamizh Vendan R aAgricultural microbiology aNew DelhibMy Research Publications a281p. aRs.1495/- aFungi, algae, virus, immunology, genetic, microorganisms